000 00492nam a2200181Ia 4500
001 3311
005 20260306145634.0
008 260306t2004||||xx |||||||||||||| ||spa||
041 _aESP
082 _a269
_bS75
100 _aSpiazzi, Raimondo
_eAUT
245 0 _aSanto Tomás de Aquino:
_bbiografía documentada de un hombre bueno, inteligente, verdaderamente grande
260 _c2004
300 _a418 páginas :
_c21 cm.
650 _aGEN
654 _aCHU
942 _cLIB
_dJUS
_fJUS
_2ddc
_n
999 _c3311
_d3311